LIBRARY & INFORMATION CENTRE, KCAET, TAVANUR

ONLINE PUBLIC ACCESS CATALOGUE (OPAC)

Gandhi`s challenge to Christianity / (Record no. 1092)

MARC details
000 -LEADER
fixed length control field 00402cam a2200157ua 4500
041 ## - LANGUAGE CODE
Language code of text/sound track or separate title eng
082 ## - DEWEY DECIMAL CLASSIFICATION NUMBER
Classification number 320.58
Item number GEO/GA
100 ## - MAIN ENTRY--AUTHOR NAME
Personal name George, S K .
245 ## - TITLE STATEMENT
Title Gandhi`s challenge to Christianity /
260 ## - PUBLICATION, DISTRIBUTION, ETC. (IMPRINT)
Place of publication Ahmadabad :
Name of publisher Navajivan publishing house ,
Year of publication 1947.
300 ## - PHYSICAL DESCRIPTION
Number of Pages 93 ; .
650 ## - SUBJECT ADDED ENTRY--TOPICAL TERM
Topical Term Gandhiana
942 ## - ADDED ENTRY ELEMENTS (KOHA)
Koha item type Books
Holdings
Withdrawn status Lost status Damaged status Home library Current library Date acquired Full call number Accession Number Koha item type
Withdrawn   Damaged KAUAET KAUAET 07/04/2012 320.58 2427 Books
free website counter